[Event "Mittelfranken-chTB2a 1920"]
[Site "Mittelfranken"]
[Date "2020.02.02"]
[Round "5.5"]
[White "Dalheimer, Martin"]
[Black "Haschemi, Said Habieb"]
[Result "1/2-1/2"]
[WhiteElo "1620"]
[BlackElo "1752"]
[PlyCount "84"]
[EventDate "2019.10.13"]
[EventType "team-tourn"]
[EventRounds "9"]
[EventCountry "GER"]
[SourceTitle "EXT 2023"]
[Source "ChessBase"]
[SourceDate "2022.10.05"]
[SourceVersion "1"]
[SourceVersionDate "2022.10.05"]
[SourceQuality "1"]
[WhiteTeam "Heideck/Hilpoltstein II"]
[BlackTeam "Fuerth SG II"]
[WhiteTeamCountry "GER"]
[BlackTeamCountry "GER"]

1. e4 c5 2. Bc4 Nc6 3. a4 Nf6 4. Nc3 e6 5. f4 d5 6. exd5 exd5 7. Bb5 Bg4 8. Nf3 Qe7+ 9. Kf2 Ne4+ 10. Nxe4 dxe4 11. Re1 0-0-0 12. Bxc6 bxc6 13. d3 Bxf3 14. gxf3 Qh4+ 15. Kg2 exf3+ 16. Kxf3 Qh3+ 17. Kf2 Qxh2+ 18. Kf3 c4 19. d4 Qh5+ 20. Kf2 Qxd1 21. Rxd1 Rd5 22. a5 c5 23. Ra4 cxd4 24. Rxc4+ Kb7 25. b4 Be7 26. Rcxd4 Rxd4 27. Rxd4 Rc8 28. Rd7+ Kb8 29. Rxe7 Rxc2+ 30. Kf3 Rxc1 31. Rxf7 Rg1 32. a6 h5 33. Rf8+ Kc7 34. Rf5 g6 35. Re5 h4 36. Kf2 Rg4 37. Kf3 Rg3+ 38. Kf2 Kb6 39. b5 Ka5 40. Rd5 Kb6 41. Rd7 g5 42. Rb7+ Ka5 1/2-1/2